| 000 | 00761nam a2200217Ia 4500 | ||
|---|---|---|---|
| 005 | 20241129111415.0 | ||
| 008 | 241129s9999||||xx |||||||||||||| ||und|| | ||
| 020 | _a978-93-87187-68-9 | ||
| 037 | _aTB | ||
| 040 |
_aCRL _bhin _cCRL |
||
| 041 |
_ahin _2hin |
||
| 084 |
_aW94 152R0 _qCRL |
||
| 100 | _aराय, ऋषिकेश, ले. | ||
| 245 | 0 |
_aराष्ट्रवाद: सन्दर्भ और परिप्रेक्ष्य _cराय, ऋषिकेश, ले. |
|
| 260 |
_aदिल्ली, भारत _bकिताब प्रकाशन _c2020 |
||
| 300 | _a255पृ0 | ||
| 365 |
_aINR _b550 |
||
| 650 |
_aPolitical ScienceNationality _9726285 |
||
| 942 |
_cTB _hW94 152R0 |
||
| 999 |
_c1230321 _d1230321 |
||